1585 1459 1487 1718 1266 1932 1628 1356 1200 1644 1884 1301 1469 1841 1953 1871 1005 1333 1120 1843 1095 1725 1349 1814 1846 1389 1624 1531 1099 1098 1554 1589 1299 1051 1972 1807 1669 1791 1612 1568 1063 1187 1647 1780 1090 1798 1848 1202 1308 1568 1147 1347 1907 1834 1743 1977 1358 1493 1882 1752 1150 1616 1936 1145 1072 1524 1088 1036 1008 1513 1272 1558 1653 1636 1322 1508 1937 1471 1943 1116 1330 1236 1511 1413 1142 1272 1415 1044 1880 1604 1068 1674 1235 1879 1761 1193 1636 1509 1702 BCNSPRNW ULIB Ver.6.0+V

เปลี่ยนเป็นภาษาไทย

Change to English
 แสดงรายละเอียดบรรณานุกรม
  กลับหน้าหลัก

Brief Record : Get Marc (ISO 2709) : E-mail record : QR code < ปิดหน้าต่าง
LEADER : 00000nam 2200000uu 4500
001    13399125530
003     ULIB
008    170622s2559||||th 000 0 tha d
020    ^a9786161810603
040    ^absi
060 04 ^aQV766^bผ331
100 0  ^aผาณิต บุญมาก
245 10 ^aประโยชน์มหัศจรรย์ :^bพริกไทย /^cผาณิต บุญมาก, เรียบเรียง ;จักรพงษ์ นุตาลัย, ถ่ายภาพ
250    ^aพิมพ์ครั้งที่ 1
260    ^aกรุงเทพฯ :^bอมรินทร์สุขภาพ,^c2559
300    ^a78 หน้า :^bภาพประกอบ ;^c21 ซม.
490 1  ^aชุดชีวิตและสุขภาพ ;^vลำดับที่ 199
650  4 ^aพริกไทย
650  4 ^aสมุนไพร
830  0 ^aการดูแลสุขภาพด้วยพริกไทย ;^vลำดับที่ 199.
945    ^p89^l0^i25208
945    ^p89^l0^i25209
995    ^aกัณชพร
999    ^aกัณชพร
รายการนี้ยังไม่มีแท็ก
คุณยังไม่ได้ล็อกอิน คุณสามารถมีกิจกรรมร่วมกับเว็บไซต์ได้ แต่ต้องล็อกอินก่อน ::
  ล็อกอิน

รายการสื่อสารสนเทศ

ลำดับที่ ประเภท เลขเรียก/บาร์โค้ด สถานที่ สถานะ
1. หนังสือสำรอง
หนังสือสำรอง
สถานะ=หนังสือเก่า
QV766 ผ331 ฉ.1 
  Barcode: 25208
ห้องสมุดวิทยาเขตนครสวรรค์
►ส่วนจัดเก็บหนังสือเก่า นว.
บนชั้น
  ขอยืม
2. วิทยาศาสตร์การแพทย์ และสุขภาพ
วิทยาศาสตร์การแพทย์ และสุขภาพ
สถานะ=หนังสือเก่า
QV766 ผ331 ฉ.2 
  Barcode: 25209
ห้องสมุดวิทยาเขตนครสวรรค์
►ส่วนจัดเก็บหนังสือเก่า นว.
บนชั้น
  ขอยืม

รายการใกล้เคียง
    หัวเรื่อง [พริกไทย]
    หัวเรื่อง [สมุนไพร]

BibComment


ยังไม่เคยถูกคอมเมนท์

คอมเมนท์ทรัพยากรรายการนี้
  คอมเมนท์: ประโยชน์มหัศจรรย..


 Copyright 2026. Bcnsprnw @Library